000 00530nam a2200181 4500
001 123572
003 ES-MaACL
005 20230906192211.0
007 t|
008 070214s1972 sp r ||||1| spa d
100 1 _aDe Quincey, Thomas.
_943071
245 1 3 _aLa monja alférez /
_cThomas De Quincey ; presentación y traducción de Luis Loayza.
250 _a1ª. ed.
260 _aBarcelona :
_bSeix Barral,
_c1972.
300 _a125 p. ;
_c19 cm.
700 1 _aLoayza, Luis.
_972992
852 _aES-MaACL
_jC-53226
_bR.84072
999 _c123572
_d123572